00958nam a2200265Ia 4500001000700000003000500007008004100012010001100053020001800064040000900082082001700091100002300108245015000131260003700281300001500318500006800333503001400401504002700415650001200442650002800454650002300482650003300505700010800538710004600646Z_5987CHAP220113s2007 xx 000 0 und d a169199 a84-7114-606-1 cCHAP a635.9642 S55 aSmiley, Richard W. aPlagas y enfermedades de los céspedes /cRichard W. Smiley, Peter H. Dernoeden y Bruce B. Clarke ; traducción Begoña de Sebastián Celaya aEspaña :bMundi-Prensa,c2007 avi, 100 p. aTítulo original en inglés: Compendium of turfgrass diseases aej.1: C/E aIncluye bibliografía aCesped  aControl de enfermedades aControl de plagas  aEnfermedades de las plantas  aI. Dernoeden, Peter H., coaut. II. Clarke, Bruce B., coaut. III. Sebastián Celaya, Begoña de, tr. aI. The American Phytopathological Society